Przewodnik po muzeach zachodniopomorskich = (Rekord nr 53879)
| 000 -ETYKIETA REKORDU | |
|---|---|
| podpole kontrolne o stałej długości | 01120nam a2200301 i 4500 |
| 001 - NUMER KONTROLNY REKORDU | |
| pole kontrolne | bg |
| 020 ## - MIĘDZYNARODOWY ZNORMALIZOWANY NUMER KSIĄŻKI - ISBN | |
| ISBN | 8386136138 |
| 040 ## - ŹRÓDŁO KATALOGOWANIA | |
| Instytucja, która utworzyła rekord | BPK |
| 041 0# - KOD JĘZYKA | |
| Kod języka tekstu | pol |
| -- | ger |
| 044 ## - KOD KRAJU WYDAWCY/PRODUCENTA | |
| Kod kraju wydawcy/producenta | POL |
| 080 ## - UNIWERSALNA KLASYFIKACJA DZIESIĘTNA - UKD | |
| UKD | 069 |
| 080 ## - UNIWERSALNA KLASYFIKACJA DZIESIĘTNA - UKD | |
| UKD | (438) |
| 080 ## - UNIWERSALNA KLASYFIKACJA DZIESIĘTNA - UKD | |
| UKD | (036) |
| 920 ## - Międzynarodowy znormalizowany numer książki – ISBN | |
| ISBN | 83-86136-13-8 |
| 008 - POLE O STAŁEJ DŁUGOŚCI - DANE KONTROLNE | |
| podpole kontrolne o stałej długości | 130116s pl a f |000 0 pol |
| 110 2# - NAZWA CIAŁA ZBIOROWEGO | |
| Nazwa ciała zbiorowego | Stowarzyszenie Muzealników Polskich. |
| Nazwa jednostki podrzędnej | Oddział Zachodniopomorski. |
| 245 10 - TYTUŁ/ODPOWIEDZIALNOŚĆ | |
| Tytuł | Przewodnik po muzeach zachodniopomorskich = |
| Ciąg dalszy tytułu | Führer Durch Pommersche Museen / |
| Pozostałe elementy strefy tytułu i oznaczenia odpowiedzialności | Zachodniopomorski Oddział Stowarzyszenia Muzealników Polskich ; Muzeum Narodowe w Szczecinie ; [red. Genowefa Horoszki ; tł. Stanisław Horoszko]. |
| 246 11 - WARIANT TYTUŁU | |
| Tytuł | Führer Durch Pommersche Museen |
| 260 ## - STREFA ADRESU WYDAWNICZEGO | |
| Miejsce wydania | Szczecin : |
| Nazwa wydawcy/dystrybutora | Zachodniopomorski Oddział Stowarzyszenia Muzealników Polskich, |
| Data publikacji, dystrybucji/powstania dokumentu | 2001. |
| 300 ## - STREFA OPISU FIZYCZNEGO | |
| Objętość | 88 s. : |
| Inne cechy fizyczne | il. kolor. ; |
| Rozmiary | 21 cm. |
| 546 ## - UWAGA O JĘZYKU | |
| Uwaga o języku | Tekst równol. pol., niem. |
| 650 #9 - HASŁO PRZEDMIOTOWE W FORMIE NAZWY OGÓLNEJ LUB JEDNOSTKOWEJ | |
| Nazwa ogólna lub geograficzna | Muzealnictwo |
| Określnik geograficzny | Polska |
| 651 #9 - HASŁO PRZEDMIOTOWE W FORMIE NAZWY GEOGRAFICZNEJ | |
| Nazwa geograficzna | Pomorze Zachodnie |
| Określnik ogólny | muzealnictwo |
| Określnik chronologiczny | od 2001 r. |
| 700 1# - HASŁO DODATKOWE - NAZWA OSOBOWA | |
| Nazwa osobowa | Horoszko, Genowefa. |
| Określenie związku między hasłem a opisywanym materiałem | Red. |
| 700 1# - HASŁO DODATKOWE - NAZWA OSOBOWA | |
| Nazwa osobowa | Horoszko, Stanisław. |
| Określenie związku między hasłem a opisywanym materiałem | Tł. |
| 710 2# - HASŁO DODATKOWE - NAZWA CIAŁA ZBIOROWEGO | |
| Nazwa ciała zbiorowego lub jednostki geograficznej | Muzeum Narodowe (Szczecin) |
| 856 ## - LOKALIZACJA I DOSTĘP DO ELEKTRONICZNYCH DOKUMENTÓW ZDALNYCH | |
| Link (URL) | http://koha.tu.koszalin.pl/cgi-bin/koha/opac-detail.pl?biblionumber=53879 |
| Tekst linku | Katalog online BPK |
| 942 ## - DODATKOWE ELEMENTY (KOHA) | |
| Typ dokumentu | Książka |
| Wycofany | Status egzemplarza | Uszkodzony | Dostępność | Lokalizacja stała | Lokalizacja bieżąca | Miejsce przechowywania | Sygnatura | Kod kreskowy | Typ dokumentu |
|---|---|---|---|---|---|---|---|---|---|
| Dostępny | Biblioteka Politechniki Koszalińskiej | Biblioteka Politechniki Koszalińskiej | Wypożyczalnia BG | S 1706 | 02545806 | Książka |
